Word Ladder: Chaucer's Chapter Quiz Stats

 Plays Quiz Updated Jan 15, 2015

Challenge
Share
Tweet
Embed
Score 0/24 Timer 02:00
0 Plays Today
Clue 4-Letter Word % Correct
His & ___HERS
98.6%
Give food to a creatureFEED
97.1%
To require somethingNEED
96.5%
Mates for roostersHENS
96.4%
Smart, often picked-on studentNERD
96.3%
✍ Thyme, rosemary, etc ✍✍ HERB ✍
95.6%
Charges, costs for condo, etcFEES
93%
Superman's earthly surnameKENT
92.7%
No muss, no ____FUSS
92.5%
Simpsons sonBART
92.2%
Manufacturer or soft sports toysNERF
91.3%
Slang for to own up, admitFESS
91%
Clue 4-Letter Word % Correct
Without clothes onBARE
90.2%
Pelts of animalsFURS
89.7%
Lancaster or ReynoldsBURT
89.6%
Actor Christian ____BALE
89%
Jennings and JeongKENS
89%
Person from BelgradeSERB
88.3%
Medieval feudal peasantSERF
87.7%
✍ To put something into the ground ✍✍ BURY ✍
87.3%
✍ Story ✍✍ TALE ✍
86.2%
2014 Brad Pitt movieFURY
82.8%
✍ There's no such word as: ____✍ CANT ✍
77.4%
'Critiques' philosopher ImmanuelKANT
77.1%

Today's Daily Dose

Missing Word
TV HA - HZ

Word Ladder
Nordic Capital

On This Day
January 19th II

You're not logged in!

Compare scores with friends on all Sporcle quizzes.
OR
Log In

You Might Also Like...

Show Comments

Extras

Top Quizzes Today


Score Distribution

Your Account Isn't Verified!

In order to create a playlist on Sporcle, you need to verify the email address you used during registration. Go to your Sporcle Settings to finish the process.

Report this User

Report this user for behavior that violates our Community Guidelines.

Details: